000
00334nam a2200133Ia 4500
008
240624s9999 xx 000 0 und d
041
_a
eng
082
_a
658.4 LAT
100
_a
LATOUR B
245
_a
LABORATORY LIFE THE CONSTRUCTION OF SCIE
260
_c
1986
_a
facts
_b
Princeton University Press
300
_a
296 : p.
365
_c
999
_c
20967
_d
20967